[Event "CZE-chT U18 Extraliga Ost 1718"]
[Site "Czech Republic"]
[Date "2017.10.07"]
[Round "1.5"]
[White "Koci, Tereza"]
[Black "Laurincova, Kristyna"]
[Result "0-1"]
[WhiteElo "1663"]
[BlackElo "1815"]
[PlyCount "70"]
[EventDate "2017.10.07"]
[EventType "team-tourn"]
[EventRounds "11"]
[EventCountry "CZE"]
[SourceTitle "EXT 2023"]
[Source "ChessBase"]
[SourceDate "2022.10.05"]
[SourceVersion "1"]
[SourceVersionDate "2022.10.05"]
[SourceQuality "1"]
[WhiteTeam "Jicin (U18)"]
[BlackTeam "Frydek Mistek BSS (U18)"]
[WhiteTeamCountry "CZE"]
[BlackTeamCountry "CZE"]

1. e4 c5 2. Nf3 Nc6 3. d4 cxd4 4. Nxd4 g6 5. Be2 Bg7 6. c3 Nf6 7. Qc2 0-0 8. 0-0 d5 9. Nxc6 bxc6 10. exd5 Bf5 11. Qa4 cxd5 12. Be3 Qb8 13. Qa3 Ne4 14. Nd2 Nxd2 15. Bxd2 Be5 16. h3 Qc7 17. Bf3 Rab8 18. Be3 e6 19. Qxa7 Qxa7 20. Bxa7 Rxb2 21. Bd4 Bxd4 22. cxd4 Ra8 23. a3 Rb3 24. a4 Ra5 25. Be2 Bd3 26. Bxd3 Rxd3 27. Ra2 Rxd4 28. Rfa1 Kf8 29. Kf1 Ke7 30. Ke2 Kd6 31. Ke3 e5 32. f3 f5 33. g4 f4+ 34. Ke2 g5 35. Ra3 Kc5 0-1

[Event "Brno Duras op"]
[Site "Brno"]
[Date "2016.06.30"]
[Round "6"]
[White "Koci, Tereza"]
[Black "Jires, Jiri"]
[Result "0-1"]
[WhiteElo "1684"]
[BlackElo "1955"]
[PlyCount "36"]
[EventDate "2016.06.25"]
[EventType "swiss"]
[EventRounds "9"]
[EventCountry "CZE"]
[SourceTitle "CBM 173 Extra"]
[Source "ChessBase"]
[SourceDate "2016.08.29"]
[SourceVersion "1"]
[SourceVersionDate "2016.08.29"]
[SourceQuality "1"]

1. d4 d5 2. c4 Nc6 3. Nc3 Nf6 4. cxd5 Nxd5 5. e4 Nxc3 6. bxc3 e5 7. Bb5 exd4 8. cxd4 Bb4+ 9. Kf1 Bc3 10. Rb1 Qxd4 11. Bxc6+ bxc6 12. Qxd4 Ba6+ 13. Ne2 Bxd4 14. Bf4 Bb6 15. Rc1 Rd8 16. Ke1 Ba5+ 17. Nc3 0-0 18. f3 Rd3 0-1

[Event "Brno Duras op"]
[Site "Brno"]
[Date "2016.06.28"]
[Round "4"]
[White "Urbanec, Vladimir"]
[Black "Koci, Tereza"]
[Result "0-1"]
[WhiteElo "1542"]
[BlackElo "1684"]
[PlyCount "30"]
[EventDate "2016.06.25"]
[EventType "swiss"]
[EventRounds "9"]
[EventCountry "CZE"]
[SourceTitle "CBM 173 Extra"]
[Source "ChessBase"]
[SourceDate "2016.08.29"]
[SourceVersion "1"]
[SourceVersionDate "2016.08.29"]
[SourceQuality "1"]

1. f4 d5 2. Nf3 g6 3. e3 Bg7 4. d4 Bf5 5. Nbd2 Nd7 6. Be2 h5 7. Ne5 f6 8. Nef3 Nh6 9. h3 e5 10. Nh2 Qe7 11. g4 Be6 12. Bd3 e4 13. Bb5 hxg4 14. Bxd7+ Qxd7 15. h4 g3 0-1

[Event "Brno Duras op"]
[Site "Brno"]
[Date "2016.06.25"]
[Round "1"]
[White "Kudlacek, Jaroslav"]
[Black "Koci, Tereza"]
[Result "1-0"]
[WhiteElo "1960"]
[BlackElo "1684"]
[PlyCount "51"]
[EventDate "2016.06.25"]
[EventType "swiss"]
[EventRounds "9"]
[EventCountry "CZE"]
[SourceTitle "CBM 173 Extra"]
[Source "ChessBase"]
[SourceDate "2016.08.29"]
[SourceVersion "1"]
[SourceVersionDate "2016.08.29"]
[SourceQuality "1"]

1. d4 Nf6 2. c4 e6 3. g3 Be7 4. Bg2 0-0 5. Nf3 d5 6. 0-0 b6 7. b3 Bb7 8. Nc3 Nbd7 9. Bb2 c5 10. e3 Rc8 11. cxd5 Nxd5 12. Rc1 N7f6 13. Qe2 Nxc3 14. Bxc3 Ne4 15. Bb2 h6 16. Rfd1 Qe8 17. Ne5 Rc7 18. dxc5 f6 19. c6 Nc5 20. cxb7 fxe5 21. Bxe5 Rxb7 22. Bxb7 Nxb7 23. Rc7 Nc5 24. b4 Ne4 25. Rdd7 Rxf2 26. Qg4 1-0

[Event "CZE-chT U18 Extraliga Ost 1516"]
[Site "Czech Republic"]
[Date "2015.11.27"]
[Round "5.5"]
[White "Koci, Tereza"]
[Black "Tajovsky, Matej"]
[Result "0-1"]
[WhiteElo "1695"]
[BlackElo "1556"]
[PlyCount "98"]
[EventDate "2015.10.03"]
[EventType "team-tourn"]
[EventRounds "11"]
[EventCountry "CZE"]
[SourceTitle "EXT 2022"]
[Source "ChessBase"]
[SourceDate "2021.10.06"]
[SourceVersion "1"]
[SourceVersionDate "2021.10.06"]
[SourceQuality "1"]
[WhiteTeam "Brno Lokomotiva U18"]
[BlackTeam "Brno Duras U18"]
[WhiteTeamCountry "CZE"]
[BlackTeamCountry "CZE"]

1. e4 c5 2. Nf3 Nc6 3. d4 cxd4 4. Nxd4 Nf6 5. Nc3 d6 6. f4 e6 7. Be3 a6 8. Be2 Be7 9. Rb1 0-0 10. 0-0 Nxd4 11. Bxd4 b5 12. a3 Bb7 13. Bf3 Qc7 14. Kh1 Rfd8 15. Qe2 d5 16. exd5 Nxd5 17. Bxd5 Bxd5 18. Nxd5 Rxd5 19. Qf2 Rad8 20. Bb6 Qd7 21. Bxd8 Qxd8 22. Qf3 h6 23. Rfd1 Qc7 24. Rxd5 exd5 25. c3 Bd6 26. Qxd5 Bxf4 27. Rd1 Kh7 28. Qf5+ g6 29. Qf6 Qc4 30. Qd4 Qc7 31. Re1 g5 32. Re8 Kg6 33. Rg8+ Kh5 34. Qd1+ Kh4 35. h3 f5 36. Rg6 h5 37. Qe1+ Bg3 38. Qe3 f4 39. Qe2 Qh7 40. Qe4 Qd7 41. Qd4 Qe8 42. Rd6 Qe1+ 43. Qg1 Qe2 44. Qc1 Be1 45. Kg1 Qf2+ 46. Kh2 Qf1 47. Qxe1+ Qxe1 48. Rxa6 f3 49. Re6 Qg3+ 0-1

[Event "CZE-chT U18 Extraliga Ost 1516"]
[Site "Czech Republic"]
[Date "2015.10.03"]
[Round "2.5"]
[White "Vantuch, Lucian"]
[Black "Koci, Tereza"]
[Result "1/2-1/2"]
[WhiteElo "1725"]
[BlackElo "1695"]
[PlyCount "61"]
[EventDate "2015.10.03"]
[EventType "team-tourn"]
[EventRounds "11"]
[EventCountry "CZE"]
[SourceTitle "EXT 2022"]
[Source "ChessBase"]
[SourceDate "2021.10.06"]
[SourceVersion "1"]
[SourceVersionDate "2021.10.06"]
[SourceQuality "1"]
[WhiteTeam "Frydek Mistek U18"]
[BlackTeam "Brno Lokomotiva U18"]
[WhiteTeamCountry "CZE"]
[BlackTeamCountry "CZE"]

1. e4 c5 2. Nf3 e6 3. c3 d5 4. exd5 exd5 5. d4 Nf6 6. Be2 Nc6 7. 0-0 Bd6 8. Re1 0-0 9. Bg5 Bg4 10. c4 Bxf3 11. Bxf3 Nxd4 12. Bxd5 Be7 13. Bxf6 Bxf6 14. Nc3 Qd7 15. Ne4 Be7 16. b4 Rac8 17. bxc5 Ne6 18. Rb1 Rc7 19. Rxb7 Nxc5 20. Nxc5 Bxc5 21. Rxc7 Qxc7 22. Qf3 Rb8 23. Qf5 Bd4 24. Rd1 g6 25. Qe4 Bf6 26. g3 Rb2 27. Qf3 Kg7 28. a3 Qb6 29. Kg2 a6 30. h4 Qa7 31. Qf4 1/2-1/2

[Event "Brno op"]
[Site "Brno"]
[Date "2015.08.26"]
[Round "5"]
[White "Koci, Tereza"]
[Black "Glacner, Karel"]
[Result "0-1"]
[WhiteElo "1621"]
[BlackElo "1550"]
[PlyCount "52"]
[EventDate "2015.08.23"]
[EventType "swiss"]
[EventRounds "9"]
[EventCountry "CZE"]
[SourceTitle "EXT 2016"]
[Source "ChessBase"]
[SourceDate "2015.10.08"]
[SourceVersion "1"]
[SourceVersionDate "2015.10.08"]
[SourceQuality "1"]

1. e4 e5 2. Nf3 f5 3. Nxe5 Qe7 4. Qh5+ g6 5. Nxg6 Qxe4+ 6. Be2 Nf6 7. Qh3 Rg8 8. Nh4 d5 9. d3 Qe6 10. Bf4 Nc6 11. c3 Rg7 12. Nd2 Nh5 13. Nxf5 Nxf4 14. Nxg7+ Bxg7 15. Qxe6+ Bxe6 16. g3 Nxe2 17. Kxe2 0-0-0 18. a3 Re8 19. d4 Bf5+ 20. Kf1 Bh3+ 21. Kg1 Re2 22. Rd1 Bh6 23. Nb1 Rxb2 24. f4 Kd7 25. Nd2 b6 26. Kf2 Rc2 0-1

[Event "Brno op"]
[Site "Brno"]
[Date "2015.08.24"]
[Round "3"]
[White "Koci, Tereza"]
[Black "Effenberger, Adam"]
[Result "0-1"]
[WhiteElo "1621"]
[BlackElo "1785"]
[PlyCount "80"]
[EventDate "2015.08.23"]
[EventType "swiss"]
[EventRounds "9"]
[EventCountry "CZE"]
[SourceTitle "EXT 2016"]
[Source "ChessBase"]
[SourceDate "2015.10.08"]
[SourceVersion "1"]
[SourceVersionDate "2015.10.08"]
[SourceQuality "1"]

1. e4 c5 2. Nf3 e6 3. d4 cxd4 4. Nxd4 a6 5. Nc3 b5 6. a3 d6 7. Bd3 Nf6 8. Be3 Be7 9. f4 Bb7 10. 0-0 0-0 11. Rf3 Nbd7 12. Rh3 e5 13. Nf3 Rc8 14. fxe5 dxe5 15. Qd2 Ng4 16. Kh1 Nxe3 17. Qxe3 Bc5 18. Qe1 Re8 19. Qh4 Qxh4 20. Nxh4 Nf6 21. Rf1 Bd4 22. Nf5 Bxc3 23. Nd6 Bxb2 24. Nxe8 Rxe8 25. Rb1 Bxa3 26. Bxb5 axb5 27. Rxa3 Bxe4 28. Rxb5 Bxc2 29. Rb2 Bg6 30. Rab3 e4 31. Rb8 Kf8 32. Kg1 Rxb8 33. Rxb8+ Ke7 34. h3 Ke6 35. Kf2 Ke5 36. Rb5+ Nd5 37. Rb8 f5 38. Rg8 Kf6 39. Rf8+ Bf7 40. Rd8 g5 0-1

[Event "Brno op"]
[Site "Brno"]
[Date "2015.08.23"]
[Round "1"]
[White "Koci, Tereza"]
[Black "Zpevakova, Jana"]
[Result "0-1"]
[WhiteElo "1621"]
[BlackElo "1997"]
[PlyCount "50"]
[EventDate "2015.08.23"]
[EventType "swiss"]
[EventRounds "9"]
[EventCountry "CZE"]
[SourceTitle "EXT 2016"]
[Source "ChessBase"]
[SourceDate "2015.10.08"]
[SourceVersion "1"]
[SourceVersionDate "2015.10.08"]
[SourceQuality "1"]

1. e4 e6 2. d4 d5 3. exd5 exd5 4. Nf3 Bd6 5. Nc3 Ne7 6. Bd3 0-0 7. 0-0 Nbc6 8. Bg5 f6 9. Bd2 Bg4 10. Be3 a6 11. h3 Bh5 12. a4 Qe8 13. b3 f5 14. Be2 f4 15. Bc1 h6 16. Re1 Qf7 17. Ne5 Bxe2 18. Qxe2 Nxd4 19. Qd3 Bxe5 20. Rxe5 c5 21. f3 Nec6 22. Rxd5 Nb4 23. Qc4 Nxd5 24. Qxd5 Qxd5 25. Nxd5 Rad8 0-1

[Event "CZE-ch U20 Girls"]
[Site "Frydek Mistek"]
[Date "2014.11.22"]
[Round "9"]
[White "Richterova, Julie"]
[Black "Koci, Tereza"]
[Result "0-1"]
[WhiteElo "1561"]
[BlackElo "1664"]
[PlyCount "88"]
[EventDate "2014.11.16"]
[EventType "swiss"]
[EventRounds "9"]
[EventCountry "CZE"]
[SourceTitle "CBM 163 Extra"]
[Source "ChessBase"]
[SourceDate "2014.12.23"]
[SourceVersion "1"]
[SourceVersionDate "2014.12.23"]
[SourceQuality "1"]

1. d4 f5 2. c4 g6 3. Nc3 Bg7 4. Nf3 Nf6 5. Bf4 d6 6. h3 0-0 7. e3 c6 8. Bd3 Qe8 9. Bh2 Nbd7 10. e4 fxe4 11. Nxe4 Nxe4 12. Bxe4 e5 13. dxe5 Nxe5 14. Nxe5 Bxe5 15. Bxe5 Qxe5 16. Qe2 Re8 17. f3 Bf5 18. 0-0-0 Bxe4 19. fxe4 Qxe4 20. Qxe4 Rxe4 21. b3 Re2 22. Rd2 Rxd2 23. Kxd2 Rf8 24. Ke2 Re8+ 25. Kf2 Re5 26. Rd1 d5 27. cxd5 Rxd5 28. Rxd5 cxd5 29. Ke3 Kf7 30. Kd4 Ke6 31. g4 g5 32. b4 b6 33. a3 a5 34. bxa5 bxa5 35. a4 Kd6 36. Kd3 Ke5 37. Ke3 d4+ 38. Kd3 Kd5 39. Kd2 Ke4 40. Ke2 d3+ 41. Kd2 Kd4 42. Kd1 Ke3 43. Ke1 d2+ 44. Kd1 Kd3 0-1

[Event "CZE-chT U20 Extraliga Ost 1415"]
[Site "Czech Republic"]
[Date "2014.10.11"]
[Round "2.6"]
[White "Ambrozova, Lucie"]
[Black "Koci, Tereza"]
[Result "1-0"]
[WhiteElo "1725"]
[BlackElo "1593"]
[PlyCount "41"]
[EventDate "2014.10.11"]
[EventType "team-tourn"]
[EventRounds "11"]
[EventCountry "CZE"]
[SourceTitle "EXT 2021"]
[Source "ChessBase"]
[SourceDate "2020.10.23"]
[SourceVersion "1"]
[SourceVersionDate "2020.10.23"]
[SourceQuality "1"]
[WhiteTeam "Stare Mesto (U20)"]
[BlackTeam "Brno Lokomotiva (U20)"]
[WhiteTeamCountry "CZE"]
[BlackTeamCountry "CZE"]

1. e4 c5 2. Nf3 e6 3. d4 cxd4 4. Nxd4 a6 5. Bd3 Qc7 6. 0-0 Nf6 7. Qe2 d6 8. Nc3 Be7 9. f4 Nbd7 10. Kh1 0-0 11. Bd2 b5 12. b4 Bb7 13. Rfb1 Rfc8 14. a4 bxa4 15. Nxa4 Bf8 16. Ra3 Nb6 17. Nc3 Nbd7 18. Bxa6 Qb6 19. Bxb7 Rxa3 20. Bxc8 Nb8 21. Qc4 1-0

[Event "EU Union-ch U14"]
[Site "Kouty nad Desnou"]
[Date "2014.08.31"]
[Round "5"]
[White "Koci, Tereza"]
[Black "Bango, Dominik"]
[Result "0-1"]
[WhiteElo "1573"]
[BlackElo "1513"]
[PlyCount "100"]
[EventDate "2014.08.27"]
[EventType "swiss"]
[EventRounds "9"]
[EventCountry "CZE"]
[SourceTitle "CBM 162 Extra"]
[Source "ChessBase"]
[SourceDate "2014.10.17"]
[SourceVersion "1"]
[SourceVersionDate "2014.10.17"]
[SourceQuality "1"]

1. d4 d5 2. g3 g6 3. Bg2 Bg7 4. Nf3 Nc6 5. 0-0 e6 6. Nc3 Nge7 7. Re1 0-0 8. Bf4 a6 9. a4 b6 10. Rb1 Bb7 11. Na2 Rc8 12. b4 Nf5 13. c3 a5 14. b5 Nce7 15. Nc1 Nd6 16. Nd3 Ne4 17. Rb3 f6 18. Qc2 Nf5 19. Bc1 Nfd6 20. Ba3 Re8 21. Reb1 Nc4 22. Bc1 Qd7 23. Nfe1 Ned6 24. Nb2 Nxb2 25. Bxb2 Nc4 26. Nf3 c6 27. Nd2 Bf8 28. Bc1 cxb5 29. Nxc4 bxc4 30. Rxb6 Bc6 31. Qa2 Rc7 32. Ra1 Rb7 33. Ra6 Ra7 34. Rb6 Qc7 35. Rab1 Raa8 36. Qc2 Reb8 37. Rxb8 Rxb8 38. e4 Bxa4 39. Qa2 Rxb1 40. Qxb1 Bc6 41. Bf4 Qb7 42. Qxb7 Bxb7 43. exd5 exd5 44. Bc1 a4 45. Bb2 a3 46. Ba1 Bh6 47. Bf3 Bc1 48. Bd1 Bb2 49. Bxb2 axb2 50. Bc2 Bc8 0-1

[Event "EU Union-ch U14"]
[Site "Kouty nad Desnou"]
[Date "2014.08.29"]
[Round "3"]
[White "Koci, Tereza"]
[Black "Cibikova, Sofia Anna"]
[Result "1-0"]
[WhiteElo "1573"]
[BlackElo "1524"]
[PlyCount "72"]
[EventDate "2014.08.27"]
[EventType "swiss"]
[EventRounds "9"]
[EventCountry "CZE"]
[SourceTitle "CBM 162 Extra"]
[Source "ChessBase"]
[SourceDate "2014.10.17"]
[SourceVersion "1"]
[SourceVersionDate "2014.10.17"]
[SourceQuality "1"]

1. d4 d5 2. Nf3 Nf6 3. c4 e6 4. cxd5 exd5 5. Nc3 c6 6. Bg5 Be7 7. e3 Bf5 8. Qb3 Qc7 9. Rc1 Nbd7 10. Nxd5 Qa5+ 11. Nc3 Bb4 12. Bc4 0-0 13. 0-0 Bg4 14. Bxf6 Bxf3 15. Bh4 Bh5 16. a3 Bxc3 17. Rxc3 Nb6 18. Bd3 Nd5 19. Rc5 Qb6 20. Qc2 Bg6 21. Bxg6 hxg6 22. Rb1 Qc7 23. Rxd5 Qc8 24. Rc5 Qg4 25. Bg3 Rfe8 26. b4 a6 27. Re5 Rxe5 28. Bxe5 Qf5 29. e4 Qe6 30. Qb3 Rd8 31. Qxe6 fxe6 32. a4 Kf7 33. f3 Rd7 34. b5 cxb5 35. axb5 axb5 36. Rxb5 Ke8 1-0

[Event "Brno Duras op-A"]
[Site "Brno"]
[Date "2014.07.04"]
[Round "7"]
[White "Koci, Tereza"]
[Black "Zuziak, Petr"]
[Result "0-1"]
[WhiteElo "1493"]
[BlackElo "1743"]
[PlyCount "60"]
[EventDate "2014.06.28"]
[EventType "swiss"]
[EventRounds "9"]
[EventCountry "CZE"]
[SourceTitle "CBM 161 Extra"]
[Source "ChessBase"]
[SourceDate "2014.08.29"]
[SourceVersion "1"]
[SourceVersionDate "2014.08.29"]
[SourceQuality "1"]

1. d4 Nf6 2. Nf3 g6 3. c4 Bg7 4. Nc3 d5 5. cxd5 Nxd5 6. e4 Nxc3 7. bxc3 c5 8. Bb5+ Bd7 9. Bxd7+ Nxd7 10. 0-0 0-0 11. Rb1 b6 12. Be3 Qc7 13. Qd2 Nf6 14. Qd3 c4 15. Qc2 e6 16. a4 Qc6 17. Nd2 a6 18. d5 exd5 19. Rxb6 Qc7 20. f3 dxe4 21. Nxe4 Nd5 22. Qf2 Nxb6 23. Bxb6 Qc6 24. a5 f5 25. Nc5 Bxc3 26. Rc1 Be5 27. Rxc4 Qd6 28. g3 Qd5 29. Qe2 Rfe8 30. Kf1 Bxg3 0-1

[Event "CZE/SVK-chT (Women)"]
[Site "Liptovsky Mikulas"]
[Date "2014.06.23"]
[Round "6.2"]
[White "Vrtiakova, Anna"]
[Black "Koci, Tereza"]
[Result "1-0"]
[WhiteElo "1879"]
[BlackElo "1493"]
[PlyCount "155"]
[EventDate "2014.06.20"]
[EventType "team-tourn"]
[EventRounds "7"]
[EventCountry "SVK"]
[SourceTitle "EXT 2020"]
[Source "ChessBase"]
[SourceDate "2019.10.17"]
[SourceVersion "1"]
[SourceVersionDate "2019.10.17"]
[SourceQuality "1"]
[WhiteTeam "Bratislava KSN"]
[BlackTeam "Bratislava KSN"]
[WhiteTeamCountry "SVK"]
[BlackTeamCountry "SVK"]

1. e4 c5 2. Nc3 Nc6 3. Bb5 g6 4. Bxc6 dxc6 5. d3 Bg7 6. f4 e5 7. Nf3 Bg4 8. h3 Bxf3 9. Qxf3 Qc7 10. 0-0 Nf6 11. fxe5 Qxe5 12. Bf4 Qe6 13. e5 Nd5 14. Ne4 Nxf4 15. Ng5 Qf5 16. Qxf4 Qxf4 17. Rxf4 0-0 18. Re1 Rae8 19. Rfe4 Re7 20. Nf3 f6 21. exf6 Rxe4 22. Rxe4 Bxf6 23. Ne5 Rd8 24. b3 Kg7 25. Nf3 Kf7 26. Kf2 Rd5 27. g4 h5 28. Kg3 a5 29. Kf4 g5+ 30. Kg3 h4+ 31. Kf2 b5 32. Ke3 b4 33. Nd2 Bd8 34. Nc4 Kf6 35. Kf3 Bc7 36. Ne3 Rd8 37. Nf5 Rd7 38. Rc4 Bb6 39. Re4 Bc7 40. Rc4 Bb6 41. Re4 Bc7 42. Re8 Kf7 43. Re4 Kf6 44. Re8 Rd8 45. Rxd8 Bxd8 46. Ke4 Ke6 47. Ne3 Bb6 48. Nc4 Bc7 49. Ne3 Bg3 50. Nc4 Bc7 51. d4 cxd4 52. Kxd4 Bd6 53. Nxa5 c5+ 54. Ke4 Bh2 55. Nc4 Bc7 56. a4 bxa3 57. Nxa3 Ba5 58. Nc4 Bc3 59. Ne3 Be1 60. Nd5 Bd2 61. c3 Kd6 62. b4 Kc6 63. Kd3 Be1 64. Kc4 cxb4 65. cxb4 Kd6 66. Kd4 Kc6 67. Nc3 Kb6 68. Kc4 Kc6 69. Ne4 Kd7 70. Nxg5 Ke7 71. Nf3 Bf2 72. Kd5 Kd7 73. b5 Kc7 74. g5 Kd7 75. Ne5+ Ke7 76. g6 Kf8 77. Ke6 Kg7 78. Kf5 1-0

[Event "CZE-ch U14 Girls"]
[Site "Kouty nad Desnou"]
[Date "2014.03.15"]
[Round "9"]
[White "Koci, Tereza"]
[Black "Brunova, Blanka"]
[Result "0-1"]
[WhiteElo "1473"]
[BlackElo "1568"]
[PlyCount "90"]
[EventDate "2014.03.08"]
[EventType "swiss"]
[EventRounds "9"]
[EventCountry "CZE"]
[SourceTitle "EXT 2015"]
[Source "ChessBase"]
[SourceDate "2014.11.20"]
[SourceVersion "1"]
[SourceVersionDate "2014.11.20"]
[SourceQuality "1"]

1. d4 Nf6 2. Nf3 g6 3. g3 Bg7 4. Bg2 0-0 5. 0-0 d6 6. Bf4 Nbd7 7. c4 c5 8. Be3 Ng4 9. Nc3 Nxe3 10. fxe3 Rb8 11. Rc1 Nf6 12. h3 a6 13. a4 Bd7 14. Qd3 Qe8 15. b3 b5 16. axb5 axb5 17. Ra1 b4 18. Na4 Bf5 19. Qd1 Bh6 20. Qc1 Qc8 21. Kh2 Qe6 22. d5 Qxe3 23. Qxe3 Bxe3 24. Ra2 Ne4 25. Nh4 Nc3 26. Nxf5 Nxa2 27. Nxe3 Rfe8 28. Be4 Nc3 29. Nxc3 bxc3 30. Bc2 e6 31. Re1 Ra8 32. Rc1 exd5 33. Nxd5 Rxe2+ 34. Kg1 Ra2 35. Nxc3 Raxc2 36. Nxe2 Rxe2 37. Rd1 Re3 38. Rxd6 Rxg3+ 39. Kh2 Rg5 40. Rd3 Kf8 41. Re3 f6 42. Rf3 Ke7 43. Re3+ Kd6 44. Rd3+ Ke5 45. Rd7 h5 0-1